000
00280nam a2200109Ia 4500
008
200302s9999 xx 000 0 und d
100
_a
Thomas D. Church & Others
245
_a
Gardens Are for People 2nd ed.
260
_b
Tata Mcgraw-Hill Co. Inc.
260
_c
1983
300
_a
256 P.,
999
_c
727
_d
727